000 00445nam a2200157Ia 4500
008 240729s9999 xx 000 0 und d
022 _a2673-8627
245 0 _aEuropean Journal of Psychology Open
260 _aSwitzerland
260 _bHogrefe Publishing Group
650 _a Psychology
650 _aPhilosophy. Psychology. Religion
856 _uhttps://doaj.org/toc/8045f1c460ca4b128b02357f0fa81f0d
942 _2ddc
942 _cDOAJEJ
999 _c73184
_d73184
945 _a1
_bMadushi Gamage
_c1
_dMadushi Gamage